000 00729nam a2200265Ia 4500
001 16500
003 GE_BSU
008 181216s||||||||xx |||||||||||||| ||und||
020 _a9785991619042
040 _cGE_BSU
080 _a546(075.8)
100 _aКнязев,Д,А, Смарыгин,С,Н,
245 _aНеорганическая химия
245 _bУчеб.для бакалавров
250 _a4-е изд
260 _aМосква
260 _bЮрайт
260 _c2014
300 _a592стр,21см
541 _h102л.
653 _aНеорганическая химия
653 _aარაორგანული ქიმია
653 _aქიმია
942 _cBK
999 _c49568
_d49568